Hudobno-tanečný folklorizmus: problémy a ich riešenia zborník z vedeckej konferencie : XXXVIII. akademická Nitra : medzinárodný akademický festival folklórnych súborov

Bibliographic Details
Corporate Author: Akademická Nitra Nitra, Slovensko
Other Authors: Ambrózová, Jana, 1982- (Compiler, Editor)
Format: Conference Proceeding Software eBook
Language:Slovak
Published: Nitra Univerzita Konštantína Filozofa 2014
Edition:1. vyd.
Subjects:

MARC

LEADER 00000nam a2200000 a 4500
001 vtls010694320
003 SK-MaSNL
005 20260301215636.0
007 co mga muuua
008 160430s2014 xo | fs 100 0 slo
015 |a SNBS2017 
020 |a 9788055801872 (elektronická kniha) 
040 |a SNK  |b slo  |c SNK  |e AACR2 
041 0 |a slo 
044 |a xo  |c SK 
072 7 |a 398  |x Folklór  |2 konspekt 
072 7 |a 78  |x Hudba  |2 konspekt 
072 7 |a 793.3  |x Pohybové umenie. Tanec  |2 konspekt 
080 |a 398.1  |2 2011 
080 |a 78.031.4  |2 2011 
080 |a 793.31  |2 2011 
080 |a (062.534)  |2 2011 
080 |a (0.034.44)  |2 2011 
111 2 |a Akademická Nitra  |n (38. :  |d 2014 :  |c Nitra, Slovensko)  |9 605660 
245 1 1 |a Hudobno-tanečný folklorizmus: problémy a ich riešenia  |h elektronický zdroj  |b zborník z vedeckej konferencie : XXXVIII. akademická Nitra : medzinárodný akademický festival folklórnych súborov  |c Jana Ambrózová (ed.) 
250 |a 1. vyd. 
260 |a Nitra  |b Univerzita Konštantína Filozofa  |c 2014 
300 |a 1 elektronický optický disk (CD-ROM)  |b fareb.; zvuk  |c 12 cm 
500 |a Názov z titulnej obrazovky 
504 |a Bibliogr. odkazy 
516 |a Textový dokument (zborník), súbory vo formáte pdf a videá 
538 |a Technické požiadavky: PDF prehliadač, video prehrávač 
650 0 7 |a folklorizmus  |2 SNKPH  |9 69627 
650 0 7 |a ľudová hudba  |2 SNKPH  |9 3183 
650 0 7 |a ľudové tance  |2 SNKPH  |9 3311 
650 0 7 |a Folklorism  |2 SNKPHeng  |9 433245 
650 0 7 |a Folk music  |2 SNKPHeng  |9 90462 
650 0 7 |a Folk dances  |2 SNKPHeng  |9 302926 
655 7 |a elektronické zdroje  |2 SNKPH  |9 90954 
655 7 |a CD-ROM  |2 SNKPH  |9 70236 
655 7 |a zborníky konferencií  |2 SNKPH  |9 70153 
655 7 |a Proceedings of conferences  |2 SNKPHeng  |9 265791 
655 7 |a Electronic resources  |2 SNKPHeng  |9 175546 
700 1 |a Ambrózová, Jana,  |d 1982-  |4 com  |4 edt  |9 210170 
919 |a 978-80-558-0187-2 
958 |a NB 
999 |c 929021  |d 930951 
952 |a SNK  |b SNK  |y PREZ  |7 0  |p 17A1161067  |o snkSCDM 7625  |i snk2015/22445  |8 0  |0 0  |1 0  |4 0  |d 2015-07-22  |l 0  |r 2026-02-24 08:43:13  |w 2026-02-24 
952 |a SNK  |b SNK  |y PREZ  |7 0  |p 17A1161068  |o snkSCDM 7625 D1  |i snk2015/22446  |8 0  |0 0  |1 0  |4 0  |d 2015-07-22  |l 0  |r 2026-02-24 08:43:13  |w 2026-02-24